[Event "Vecindario Montalvo Memorial 16th"]
[Site "Vecindario"]
[Date "2024.03.31"]
[Round "9"]
[White "Mendez Acosta, Alexander Jesus"]
[Black "Sanz Wawer, Daniel"]
[Result "0-1"]
[WhiteElo "2025"]
[BlackElo "2397"]
[PlyCount "58"]
[EventDate "2024.03.23"]
[EventType "swiss"]
[EventRounds "9"]
[EventCountry "ESP"]
[SourceTitle "CB15_2024"]
[SourceDate "2024.04.10"]
[SourceVersion "1"]
[SourceVersionDate "2024.04.10"]
[SourceQuality "1"]

1. c4 e5 2. Nc3 Nc6 3. g3 g6 4. Bg2 Bg7 5. d3 Nge7 6. e4 d6 7. Nge2 Be6 8. Be3 Nd4 9. 0-0 c6 10. f4 Qd7 11. Qd2 h5 12. Bf2 h4 13. Nxd4 exd4 14. Ne2 hxg3 15. hxg3 c5 16. Bh1 0-0-0 17. b4 Bg4 18. Bg2 Bh3 19. Bf3 Bxf1 20. Kxf1 cxb4 21. Qxb4 Nc6 22. Qb5 a6 23. Qg5 Qh3+ 24. Ke1 Qh6 25. Qg4+ Kc7 26. Kd2 Qh3 27. Qg5 Ne5 28. Ng1 Qh2 29. Ke2 f6 0-1

[Event "Vecindario Montalvo Memorial 16th"]
[Site "Vecindario"]
[Date "2024.03.24"]
[Round "2"]
[White "Omelja, Artem"]
[Black "Mendez Acosta, Alexander Jesus"]
[Result "1/2-1/2"]
[WhiteElo "2438"]
[BlackElo "2025"]
[PlyCount "154"]
[EventDate "2024.03.23"]
[EventType "swiss"]
[EventRounds "9"]
[EventCountry "ESP"]
[SourceTitle "CB15_2024"]
[SourceDate "2024.04.10"]
[SourceVersion "1"]
[SourceVersionDate "2024.04.10"]
[SourceQuality "1"]

1. d4 d5 2. c4 e6 3. Nc3 c6 4. e3 Nf6 5. Nf3 Bd6 6. Bd3 Nbd7 7. e4 dxe4 8. Nxe4 Nxe4 9. Bxe4 e5 10. 0-0 exd4 11. Qxd4 Qf6 12. Be3 0-0 13. Rad1 Bc7 14. Qd3 h6 15. Bd4 Ne5 16. Qc3 Nxf3+ 17. Bxf3 Qg5 18. Rfe1 Bg4 19. Bxg4 Qxg4 20. h3 Qg5 21. Re4 f5 22. Re6 Rad8 23. Rde1 Qf4 24. Be5 Bxe5 25. R6xe5 Rd2 26. R5e2 Rfd8 27. g3 Qd4 28. Re8+ Rxe8 29. Rxe8+ Kf7 30. Qxd4 Rxd4 31. Rb8 Rd7 32. Kf1 Re7 33. b3 c5 34. Kg2 g6 35. Kf3 Kg7 36. h4 Kf7 37. Rh8 Kg7 38. Rc8 b6 39. Rc6 h5 40. a4 Re1 41. a5 bxa5 42. Rxc5 Rb1 43. Rxa5 Rxb3+ 44. Kf4 Rb7 45. Kg5 Rc7 46. f4 Kh7 47. Ra6 Rg7 48. Rc6 a5 49. Ra6 Rc7 50. Rxa5 Rxc4 51. Ra7+ Kg8 52. Kxg6 Rc6+ 53. Kxh5 Rc3 54. Ra6 Kf7 55. Rg6 Ra3 56. Kh6 Rb3 57. h5 Ra3 58. Rg7+ Kf6 59. Kh7 Ra8 60. h6 Rf8 61. Rg8 Rf7+ 62. Kh8 Ra7 63. Rf8+ Kg6 64. Kg8 Re7 65. Rb8 Kxh6 66. Rb6+ Kh5 67. Rf6 Kg4 68. Rg6+ Kf3 69. Rg5 Ra7 70. Rxf5 Kxg3 71. Rf8 Kg4 72. f5 Kg5 73. f6 Kg6 74. f7 Rb7 75. Ra8 Rxf7 76. Ra6+ Rf6 77. Rxf6+ Kxf6 1/2-1/2

[Event "Tenerife-chT Preferente"]
[Site "Tenerife"]
[Date "2023.05.13"]
[Round "13"]
[White "Mendez Acosta, Alexander Jesus"]
[Black "Martin Hernandez, Jonas David"]
[Result "1/2-1/2"]
[WhiteElo "2015"]
[BlackElo "1924"]
[PlyCount "27"]
[EventDate "2023.01.14"]
[EventType "team-tourn"]
[EventRounds "14"]
[EventCountry "ESP"]
[SourceTitle "EXT 2024"]
[Source "ChessBase"]
[SourceDate "2023.10.10"]
[SourceVersion "1"]
[SourceVersionDate "2023.10.10"]
[SourceQuality "1"]
[WhiteTeam "Al Shah Mat Los Realejos"]
[BlackTeam "Puerto de la Cruz Piratas"]
[WhiteTeamCountry "ESP"]
[BlackTeamCountry "ESP"]

1. c4 e5 2. Nc3 Nc6 3. g3 f5 4. Bg2 Nf6 5. e3 d5 6. cxd5 Nb4 7. d3 c6 8. a3 Nbxd5 9. Nge2 Bd6 10. 0-0 Qe7 11. b4 a6 12. Bb2 0-0 13. Re1 Qf7 14. Qd2 1/2-1/2

[Event "Tenerife-chT Preferente"]
[Site "Tenerife"]
[Date "2023.03.18"]
[Round "8.4"]
[White "Mendez Acosta, Alexander Jesus"]
[Black "Baskewitsch, Pierre"]
[Result "1-0"]
[WhiteElo "2015"]
[BlackElo "1894"]
[PlyCount "45"]
[EventDate "2023.01.14"]
[EventType "team-tourn"]
[EventRounds "14"]
[EventCountry "ESP"]
[SourceTitle "EXT 2024"]
[Source "ChessBase"]
[SourceDate "2023.10.10"]
[SourceVersion "1"]
[SourceVersionDate "2023.10.10"]
[SourceQuality "1"]
[WhiteTeam "Al Shah Mat Los Realejos"]
[BlackTeam "Rey Ahogado"]
[WhiteTeamCountry "ESP"]
[BlackTeamCountry "ESP"]

1. c4 c5 2. Nc3 Nc6 3. g3 Nf6 4. Bg2 e6 5. Nf3 d5 6. cxd5 exd5 7. d4 c4 8. 0-0 Bb4 9. Qc2 Bxc3 10. bxc3 Ne4 11. Nd2 Nxd2 12. Bxd2 0-0 13. e4 dxe4 14. Bxe4 g6 15. Rfe1 Bh3 16. Rab1 Qd7 17. Qa4 Be6 18. Qb5 Rac8 19. Bh6 a6 20. Qxb7 Rc7 21. Bxc6 Rxb7 22. Bxd7 Rxb1 23. Rxb1 1-0

[Event "Santa Cruz Christmas op 32nd"]
[Site "Santa Cruz"]
[Date "2022.12.15"]
[Round "1"]
[White "Mendez Acosta, Alexander Jesus"]
[Black "Jurado Bello, Francisco Javier"]
[Result "1-0"]
[WhiteElo "2015"]
[BlackElo "1275"]
[PlyCount "76"]
[EventDate "2022.12.15"]
[EventType "swiss"]
[EventRounds "9"]
[EventCountry "ESP"]
[SourceTitle "EXT 2024"]
[Source "ChessBase"]
[SourceDate "2023.10.10"]
[SourceVersion "1"]
[SourceVersionDate "2023.10.10"]
[SourceQuality "1"]

1. e4 c5 2. Nf3 Nc6 3. d4 cxd4 4. Nxd4 e5 5. Nb5 d6 6. N1c3 a6 7. Na3 Nf6 8. Bg5 Be7 9. Nc4 b5 10. Bxf6 bxc4 11. Bxe7 Nxe7 12. Bxc4 0-0 13. 0-0 Be6 14. Nd5 Kh8 15. Qd3 a5 16. Rad1 f5 17. Nxe7 Qxe7 18. Bxe6 Qxe6 19. exf5 Qxa2 20. b3 Qa3 21. Qxd6 Qxd6 22. Rxd6 Rxf5 23. Rfd1 Raf8 24. f3 h6 25. Rd8 Kg8 26. Rxf8+ Rxf8 27. Rd5 Rc8 28. Rxa5 Rxc2 29. Rxe5 Kf7 30. h4 Kf6 31. Rb5 Ke6 32. Kh2 Kd6 33. Rb7 g6 34. Rb6+ Rc6 35. Rxc6+ Kxc6 36. f4 Kb5 37. h5 Kb4 38. hxg6 Kxb3 1-0

[Event "Tenerife-chT Preferente"]
[Site "Tenerife"]
[Date "2022.05.07"]
[Round "11.1"]
[White "Mendez Acosta, Alexander Jesus"]
[Black "Perera Gonzalez, Pablo"]
[Result "1/2-1/2"]
[WhiteElo "2041"]
[BlackElo "2210"]
[PlyCount "37"]
[EventDate "2022.01.29"]
[EventType "team-tourn"]
[EventRounds "14"]
[EventCountry "ESP"]
[SourceTitle "EXT 2024"]
[Source "ChessBase"]
[SourceDate "2023.10.10"]
[SourceVersion "1"]
[SourceVersionDate "2023.10.10"]
[SourceQuality "1"]
[WhiteTeam "Al Shah Mat Los Realejos"]
[BlackTeam "Circulo de Amistad XII Enero"]
[WhiteTeamCountry "ESP"]
[BlackTeamCountry "ESP"]

1. c4 Nf6 2. Nc3 d5 3. cxd5 Nxd5 4. d4 g6 5. Nf3 Bg7 6. e4 Nxc3 7. bxc3 c5 8. Be3 0-0 9. Be2 cxd4 10. cxd4 Qa5+ 11. Qd2 Qxd2+ 12. Kxd2 Nc6 13. Rhd1 Bg4 14. Rab1 Bxf3 15. Bxf3 Bxd4 16. Bxd4 Nxd4 17. Rxb7 e5 18. Rc1 a6 19. Rcc7 1/2-1/2

[Event "Tenerife-chT Preferente"]
[Site "Tenerife"]
[Date "2022.04.23"]
[Round "9.1"]
[White "Mendez Acosta, Alexander Jesus"]
[Black "Berjon Garcia, Sergio"]
[Result "1/2-1/2"]
[WhiteElo "2041"]
[BlackElo "2077"]
[PlyCount "94"]
[EventDate "2022.01.29"]
[EventType "team-tourn"]
[EventRounds "14"]
[EventCountry "ESP"]
[SourceTitle "EXT 2024"]
[Source "ChessBase"]
[SourceDate "2023.10.10"]
[SourceVersion "1"]
[SourceVersionDate "2023.10.10"]
[SourceQuality "1"]
[WhiteTeam "Al Shah Mat Los Realejos"]
[BlackTeam "Rey Ahogado"]
[WhiteTeamCountry "ESP"]
[BlackTeamCountry "ESP"]

1. c4 e6 2. Nc3 d5 3. d4 Nf6 4. Nf3 dxc4 5. e3 a6 6. a4 c5 7. Bxc4 Nc6 8. 0-0 Be7 9. b3 0-0 10. Ba3 b6 11. dxc5 Bxc5 12. Bxc5 bxc5 13. Qxd8 Rxd8 14. Rfd1 Bb7 15. h3 Kf8 16. Kf1 Ke7 17. Ke2 Na5 18. g3 Nxc4 19. bxc4 Ne4 20. Nxe4 Bxe4 21. Ne5 f6 22. Nd3 Bxd3+ 23. Rxd3 Rab8 24. Rxd8 Kxd8 25. Ra2 a5 26. Kd2 Rb4 27. Kc3 Ke7 28. e4 e5 29. f4 exf4 30. gxf4 g5 31. fxg5 fxg5 32. Rf2 Rxa4 33. Rf5 Ra3+ 34. Kb2 Rg3 35. Rxc5 h6 36. Rxa5 Rxh3 37. Kc2 Rg3 38. Kd2 h5 39. Ke2 h4 40. Kf2 Kf6 41. Rf5+ Ke6 42. Rf3 Rxf3+ 43. Kxf3 h3 44. c5 Ke5 45. Kg3 g4 46. Kh2 Ke6 47. Kg3 Ke5 1/2-1/2

[Event "Tenerife-chT Preferente"]
[Site "Tenerife"]
[Date "2022.02.12"]
[Round "3.2"]
[White "Perez Perez, Gabriel"]
[Black "Mendez Acosta, Alexander Jesus"]
[Result "1-0"]
[WhiteElo "2194"]
[BlackElo "2041"]
[PlyCount "119"]
[EventDate "2022.01.29"]
[EventType "team-tourn"]
[EventRounds "14"]
[EventCountry "ESP"]
[SourceTitle "EXT 2024"]
[Source "ChessBase"]
[SourceDate "2023.10.10"]
[SourceVersion "1"]
[SourceVersionDate "2023.10.10"]
[SourceQuality "1"]
[WhiteTeam "Ebano Barrio Nuevo"]
[BlackTeam "Al Shah Mat Los Realejos"]
[WhiteTeamCountry "ESP"]
[BlackTeamCountry "ESP"]

1. e4 c5 2. Nf3 d6 3. d4 cxd4 4. Qxd4 Nc6 5. Qe3 Nf6 6. Be2 g6 7. 0-0 Bg7 8. Rd1 0-0 9. h3 Qc7 10. c4 b6 11. Nc3 Bb7 12. Rb1 Rad8 13. b3 Rfe8 14. Ba3 Qb8 15. Rbc1 Nd7 16. Bb2 Nde5 17. Ba1 Ba8 18. a3 a6 19. Nd5 b5 20. cxb5 axb5 21. Qb6 Nxf3+ 22. gxf3 Bxa1 23. Rxa1 Ne5 24. Qxb8 Rxb8 25. Nc7 Rec8 26. Nxa8 Rxa8 27. f4 Nd7 28. b4 Rab8 29. Rac1 Nf6 30. Bf3 Nh5 31. Bxh5 gxh5 32. Kg2 Ra8 33. Rxc8+ Rxc8 34. Rd5 Rc3 35. Rxh5 Rxa3 36. Rxb5 Kg7 37. Rg5+ Kf6 38. Rg3 Ra6 39. Rb3 Rb6 40. b5 e6 41. f3 d5 42. Kf2 Ke7 43. Ke3 f5 44. e5 Kd7 45. Kd4 Kc7 46. Kc5 Rb8 47. Ra3 Kb7 48. Kd6 Kb6 49. Kxe6 Rc8 50. Kxf5 Rf8+ 51. Kg4 Kxb5 52. e6 Kc5 53. f5 Kd6 54. Kf4 Rd8 55. Ra6+ Ke7 56. Ke5 d4 57. Ra7+ Ke8 58. Rxh7 d3 59. Rh8+ Ke7 60. f6# 1-0

[Event "Tenerife-chT Preferente"]
[Site "Tenerife"]
[Date "2022.01.29"]
[Round "1.2"]
[White "Martin Hernandez, Jonas David"]
[Black "Mendez Acosta, Alexander Jesus"]
[Result "1/2-1/2"]
[WhiteElo "1892"]
[BlackElo "2041"]
[PlyCount "56"]
[EventDate "2022.01.29"]
[EventType "team-tourn"]
[EventRounds "14"]
[EventCountry "ESP"]
[SourceTitle "EXT 2024"]
[Source "ChessBase"]
[SourceDate "2023.10.10"]
[SourceVersion "1"]
[SourceVersionDate "2023.10.10"]
[SourceQuality "1"]
[WhiteTeam "Piratas La Orotava"]
[BlackTeam "Al Shah Mat Los Realejos"]
[WhiteTeamCountry "ESP"]
[BlackTeamCountry "ESP"]

1. d4 f5 2. Nf3 Nf6 3. Bg5 e6 4. Nbd2 d5 5. e3 Bd6 6. Ne5 Nbd7 7. f4 Be7 8. Nxd7 Bxd7 9. Bxf6 Bxf6 10. Bd3 Qe7 11. Nb3 b6 12. Qe2 0-0 13. c3 c5 14. Nd2 c4 15. Bc2 b5 16. a3 a5 17. 0-0 b4 18. axb4 axb4 19. Nf3 bxc3 20. bxc3 Ra3 21. Ne5 Bxe5 22. fxe5 Rfa8 23. Rxa3 Qxa3 24. g4 g6 25. gxf5 gxf5 26. Qh5 Qe7 27. Kh1 Kh8 28. Rg1 Rg8 1/2-1/2

[Event "Tenerife-chT Preferente"]
[Site "Tenerife"]
[Date "2021.09.18"]
[Round "11.2"]
[White "Mendez Acosta, Alexander Jesus"]
[Black "Mendoza Contreras, Lucas Eduardo"]
[Result "1/2-1/2"]
[WhiteElo "2026"]
[BlackElo "2060"]
[PlyCount "29"]
[EventDate "2021.02.27"]
[EventType "team-tourn"]
[EventRounds "14"]
[EventCountry "ESP"]
[SourceTitle "EXT 2023"]
[Source "ChessBase"]
[SourceDate "2022.10.05"]
[SourceVersion "1"]
[SourceVersionDate "2022.10.05"]
[SourceQuality "1"]
[WhiteTeam "Al Shah Mat Los Realejos"]
[BlackTeam "Canarias 64"]
[WhiteTeamCountry "ESP"]
[BlackTeamCountry "ESP"]

1. c4 e5 2. Nc3 Nf6 3. g3 Bb4 4. Bg2 0-0 5. Nf3 Re8 6. 0-0 e4 7. Nd4 Nc6 8. Nc2 Bxc3 9. dxc3 Ne5 10. Ne3 Neg4 11. Nd5 Nxd5 12. cxd5 d6 13. h3 Nf6 14. Qd4 h6 15. b4 1/2-1/2

[Event "Tenerife-chT Preferente"]
[Site "Tenerife"]
[Date "2021.05.29"]
[Round "7.3"]
[White "Mendez Acosta, Alexander Jesus"]
[Black "Amador Garcia, Ismael"]
[Result "1/2-1/2"]
[WhiteElo "2026"]
[BlackElo "2115"]
[PlyCount "79"]
[EventDate "2021.02.27"]
[EventType "team-tourn"]
[EventRounds "14"]
[EventCountry "ESP"]
[SourceTitle "EXT 2023"]
[Source "ChessBase"]
[SourceDate "2022.10.05"]
[SourceVersion "1"]
[SourceVersionDate "2022.10.05"]
[SourceQuality "1"]
[WhiteTeam "Al Shah Mat Los Realejos"]
[BlackTeam "Ebano Barrio Nuevo"]
[WhiteTeamCountry "ESP"]
[BlackTeamCountry "ESP"]

1. c4 Nf6 2. Nc3 g6 3. g3 Bg7 4. Bg2 0-0 5. Nf3 d6 6. 0-0 e5 7. d3 Nc6 8. Bg5 h6 9. Bxf6 Qxf6 10. Rb1 a5 11. a3 Qd8 12. Nd2 Re8 13. Qc1 Nd4 14. e3 Ne6 15. b4 axb4 16. axb4 c6 17. b5 Bd7 18. Qc2 Qc7 19. Rfc1 f5 20. bxc6 bxc6 21. Na4 Ra6 22. c5 Qa7 23. Nb6 Nxc5 24. Nxd7 Qxd7 25. d4 exd4 26. exd4 Ne6 27. Bxc6 Rxc6 28. Qxc6 Qxc6 29. Rxc6 Bxd4 30. Rxd6 Bc3 31. Rb7 g5 32. Kg2 f4 33. Ne4 Bh8 34. h3 Ba1 35. Kf3 fxg3 36. Nxg3 Be5 37. Nf5 Bxd6 38. Nxh6+ Kh8 39. Nf7+ Kg8 40. Nh6+ 1/2-1/2

[Event "Tenerife-chT Preferente 1920"]
[Site "Tenerife"]
[Date "2020.02.08"]
[Round "6.2"]
[White "Villagran Carrasco, Juan Carlos"]
[Black "Mendez Acosta, Alexander Jesus"]
[Result "0-1"]
[WhiteElo "2078"]
[BlackElo "1993"]
[PlyCount "58"]
[EventDate "2019.11.30"]
[EventType "team-tourn"]
[EventRounds "14"]
[EventCountry "ESP"]
[SourceTitle "CBM 195 Extra"]
[Source "ChessBase"]
[SourceDate "2020.05.31"]
[SourceVersion "1"]
[SourceVersionDate "2020.05.31"]
[SourceQuality "1"]
[WhiteTeam "Canarias 64"]
[BlackTeam "Al Shah Mat Los Realejos"]
[WhiteTeamCountry "ESP"]
[BlackTeamCountry "ESP"]

1. d4 Nf6 2. c4 c5 3. d5 b5 4. cxb5 a6 5. bxa6 d6 6. Nc3 g6 7. e4 Nbd7 8. Nf3 Qa5 9. Nd2 Bxa6 10. Bxa6 Qxa6 11. Qe2 Bg7 12. Nb5 0-0 13. a4 Rfb8 14. Ra3 Ne8 15. Nc4 Nb6 16. Nxb6 Qxb6 17. h4 Nc7 18. Nxc7 Qa5+ 19. Kd1 Qxc7 20. Rhh3 Rb4 21. b3 c4 22. Qc2 Rc8 23. Bd2 c3 24. Be3 Qb7 25. a5 Qb5 26. Rh1 Bd4 27. h5 Qc5 28. hxg6 hxg6 29. a6 Bxe3 0-1

[Event "Tenerife Norte Team Cup 2nd"]
[Site "Tenerife"]
[Date "2019.09.14"]
[Round "9.1"]
[White "Gonzalez Estevez, Eduardo"]
[Black "Mendez Acosta, Alexander Jesus"]
[Result "0-1"]
[WhiteElo "1104"]
[BlackElo "1967"]
[PlyCount "88"]
[EventDate "2019.06.29"]
[EventType "team-tourn"]
[EventRounds "10"]
[EventCountry "ESP"]
[SourceTitle "EXT 2020"]
[Source "ChessBase"]
[SourceDate "2019.10.17"]
[SourceVersion "1"]
[SourceVersionDate "2019.10.17"]
[SourceQuality "1"]
[WhiteTeam "Los Realejos Shah Mat II"]
[BlackTeam "Los Realejos Shah Mat"]
[WhiteTeamCountry "ESP"]
[BlackTeamCountry "ESP"]

1. d4 d6 2. c4 Nf6 3. Bg5 Nbd7 4. Nf3 h6 5. Bh4 e5 6. e3 c6 7. Nc3 Be7 8. Bxf6 Bxf6 9. Ne4 Be7 10. Be2 0-0 11. 0-0 f5 12. Nc3 e4 13. Nd2 Nf6 14. f3 exf3 15. Nxf3 Be6 16. b3 g5 17. Bd3 Qd7 18. Qc2 Rac8 19. e4 fxe4 20. Nxe4 Nxe4 21. Bxe4 Bf6 22. Qd3 Qg7 23. Rad1 g4 24. Ne1 d5 25. cxd5 cxd5 26. Bg6 Bxd4+ 27. Qxd4 Rxf1+ 28. Kxf1 Rf8+ 29. Ke2 Qxg6 30. Qxa7 g3 31. hxg3 Qxg3 32. Qg1 Bg4+ 33. Nf3 Rxf3 34. gxf3 Qxf3+ 35. Kd2 Qxd1+ 36. Qxd1 Bxd1 37. Kxd1 Kf7 38. Ke2 Ke6 39. a4 Kd6 40. b4 Kc6 41. Ke3 h5 42. Kf4 h4 43. Kg4 d4 44. b5+ Kb6 0-1

[Event "San Cristobal de La Laguna op 2nd"]
[Site "San Cristobal de la Laguna"]
[Date "2019.09.05"]
[Round "6"]
[White "Zenker, Ulrich"]
[Black "Mendez Acosta, Alexander Jesus"]
[Result "1/2-1/2"]
[WhiteElo "2166"]
[BlackElo "1967"]
[PlyCount "106"]
[EventDate "2019.08.31"]
[EventType "swiss"]
[EventRounds "9"]
[EventCountry "ESP"]
[SourceTitle "EXT 2020"]
[Source "ChessBase"]
[SourceDate "2019.10.17"]
[SourceVersion "1"]
[SourceVersionDate "2019.10.17"]
[SourceQuality "1"]

1. Nf3 Nf6 2. c4 e6 3. d4 d5 4. Nc3 Be7 5. Bg5 Nbd7 6. e3 0-0 7. Rc1 c5 8. cxd5 exd5 9. Be2 h6 10. Bf4 cxd4 11. Nxd4 a6 12. 0-0 Nc5 13. Qc2 Ne6 14. Be5 Nxd4 15. Bxd4 Bd6 16. g3 Bh3 17. Rfd1 Rc8 18. Qb3 Ne4 19. Qxd5 Ng5 20. Qxb7 Qe8 21. f3 Ne6 22. Ne4 Rxc1 23. Rxc1 Nxd4 24. exd4 Qa4 25. Rc4 Qa5 26. b4 Qxa2 27. Nc3 Qd2 28. Kf2 Rb8 29. Qxa6 Bxb4 30. Qa1 Be6 31. Ne4 Qe1+ 32. Qxe1 Bxe1+ 33. Kxe1 Bxc4 34. Bxc4 Kf8 35. Ke2 Ke7 36. Ke3 f5 37. Nc3 g5 38. Nb5 Ra8 39. d5 Ra4 40. Kd4 h5 41. Nc3 Ra1 42. Ke5 Rc1 43. d6+ Kd8 44. Kd4 Rh1 45. Be6 Rxh2 46. Nd5 h4 47. gxh4 gxh4 48. Bxf5 h3 49. Bxh3 Rxh3 50. f4 Kd7 51. Ke5 Rh5+ 52. f5 Rxf5+ 53. Kxf5 Kxd6 1/2-1/2

[Event "Tenerife-chT Primera 1819"]
[Site "Tenerife"]
[Date "2019.01.19"]
[Round "5.1"]
[White "Mendez Acosta, Alexander Jesus"]
[Black "Korneev, Svyatoslav"]
[Result "0-1"]
[WhiteElo "1976"]
[BlackElo "2132"]
[PlyCount "38"]
[EventDate "2018.11.24"]
[EventType "team-tourn"]
[EventRounds "14"]
[EventCountry "ESP"]
[SourceTitle "CBM 189 Extra"]
[Source "ChessBase"]
[SourceDate "2019.06.03"]
[SourceVersion "1"]
[SourceVersionDate "2019.06.03"]
[SourceQuality "1"]
[WhiteTeam "Al Shah Mat Los Realejos"]
[BlackTeam "Puerto de la Cruz Piratas"]
[WhiteTeamCountry "ESP"]
[BlackTeamCountry "ESP"]

1. c4 e6 2. Nf3 f5 3. b3 Nf6 4. Bb2 c6 5. e3 d5 6. Be2 Bd6 7. Qc2 Nbd7 8. 0-0 Qe7 9. Nc3 a6 10. Rfe1 0-0 11. d3 e5 12. Bf1 e4 13. Nd4 Bxh2+ 14. Kxh2 Ng4+ 15. Kg3 Qg5 16. f4 Qg6 17. Qd2 Ndf6 18. dxe4 fxe4 19. Nf3 Nh5+ 0-1

[Event "Santa Cruz de Tenerife op 29th"]
[Site "Santa Cruz de Tenerife"]
[Date "2018.12.21"]
[Round "7"]
[White "Mamani Beltran, Deniman"]
[Black "Mendez Acosta, Alexander Jesus"]
[Result "1/2-1/2"]
[WhiteElo "1795"]
[BlackElo "1980"]
[PlyCount "73"]
[EventDate "2018.12.13"]
[EventType "swiss"]
[EventRounds "9"]
[EventCountry "ESP"]
[SourceTitle "CBM 188 Extra"]
[Source "ChessBase"]
[SourceDate "2019.02.26"]
[SourceVersion "1"]
[SourceVersionDate "2019.02.26"]
[SourceQuality "1"]

1. e4 e6 2. d4 d5 3. e5 c5 4. c3 Nc6 5. Nf3 Qb6 6. a3 Nge7 7. b4 cxd4 8. cxd4 Nf5 9. Be3 Be7 10. Bd3 0-0 11. 0-0 f6 12. Bxf5 exf5 13. Nc3 Be6 14. exf6 Bxf6 15. Na4 Qc7 16. Qd2 Be7 17. Bf4 Bd6 18. g3 Bxf4 19. Qxf4 Qxf4 20. gxf4 Bf7 21. b5 Na5 22. Rac1 Bh5 23. Nd2 Nc4 24. Nxc4 dxc4 25. Nc3 Rad8 26. d5 Bf3 27. Rfe1 Rd6 28. Re7 Rf7 29. Re8+ Rf8 30. Re7 a6 31. Rxb7 Re8 32. h4 Rg6+ 33. Kh2 axb5 34. Rxb5 Rd8 35. Rg1 Rh6 36. Kg3 Rg6+ 37. Kh2 1/2-1/2

[Event "Santa Cruz de Tenerife op 29th"]
[Site "Santa Cruz de Tenerife"]
[Date "2018.12.17"]
[Round "3"]
[White "Diaz Reyes, Killian"]
[Black "Mendez Acosta, Alexander Jesus"]
[Result "1/2-1/2"]
[WhiteElo "1692"]
[BlackElo "1980"]
[PlyCount "32"]
[EventDate "2018.12.13"]
[EventType "swiss"]
[EventRounds "9"]
[EventCountry "ESP"]
[SourceTitle "CBM 188 Extra"]
[Source "ChessBase"]
[SourceDate "2019.02.26"]
[SourceVersion "1"]
[SourceVersionDate "2019.02.26"]
[SourceQuality "1"]

1. e4 e6 2. Nf3 b6 3. d4 Bb7 4. Bd3 Nf6 5. e5 Ne4 6. 0-0 Be7 7. Nbd2 d5 8. exd6 Nxd6 9. c4 Nd7 10. b3 Bf6 11. Bb2 0-0 12. Qc2 h6 13. Ne4 Nxe4 14. Bxe4 Bxe4 15. Qxe4 c5 16. Rad1 Qc7 1/2-1/2